Top 20 Countries with the Highest Points - Statistics

General Stats
  • This quiz has been taken 357 times
  • The average score is 15 of 20
Answer Stats
Highest Point Country % Correct
Mount Everest (8849 m) Nepal
98%
Mount Everest (8849 m) China
97%
Kangchenjunga (8586 m) India
93%
Denali (6194 m) United States
91%
K2 (8614 m) Pakistan
87%
Elbrus (5642 m) Russia
86%
Mount Logan (5956 m) Canada
84%
Aconcagua (6962 m) Argentina
82%
Ojos del Salado (6893 m) Chile
82%
Gangkar Punsum (7570 m) Bhutan
78%
Nevado Huascarán (6746 m) Peru
78%
Kilimanjaro (5895 m) Tanzania
71%
Noshaq (7492 m) Afghanistan
70%
Pico Cristóbal Colón (5776 m) Colombia
69%
Nevado Sajama (6542 m) Bolivia
67%
Volcán Chimborazo (6267 m) Ecuador
67%
Hantengri Feng (6995 m) Kazakhstan
65%
Pik Ismail Samani (7495 m) Tajikistan
61%
Pik Pobeda (7439 m) Kyrgyzstan
60%
Hkakabo Razi (5881 m) Myanmar
45%
No matching quizzes found
Score Distribution
Percent of People with Each Score
Percentile by Number Answered
Your Score History
You have not taken this quiz